[Event "FIDE WCCC U12 2018"]
[Site "Santiago de Compostela"]
[Date "2018.11.08"]
[Round "4"]
[White "Zhao, Jeffrey Renfei"]
[Black "Murzin, Volodar"]
[Result "0-1"]
[WhiteElo "1889"]
[BlackElo "2340"]
[Annotator "TA"]
[PlyCount "80"]
[EventDate "2018.11.04"]
[EventType "swiss"]
[EventCountry "ESP"]
[SourceTitle "playchess.com"]
[Source "ChessBase"]
[SourceQuality "1"]

{[%evp 21,80,15,16,-1,0,-4,-4,-59,-59,-45,-47,-43,-23,-92,-95,-85,-89,-99,-66,-64,-66,-76,-76,-74,-73,-114,-85,-137,-137,-137,-137,-122,-137,-137,-137,-178,-137,-171,-137,-187,-187,-187,-187,-187,-187,-187,-187,-187,-187,-193,-193,-307,-307,-300,-300,-335,-335,-335,-335,-335,-335]} 1. e4 c6 2. d4 d5 3. exd5 cxd5 4. c4 Nf6 5. Nc3 g6 6. Qb3 Bg7 7. cxd5 O-O 8. Be2 Nbd7 9. Bf3 Nb6 10. Nge2 a5 11. a4 Bf5 {LiveBook: 22 Games} 12. d6 {B14: Caro-Kann: Panov-Botvinnik Attack with 5...e6 and 5...g6} (12. O-O Bd3 13. d6 exd6 14. Rd1 Bc4 15. Qc2 Nfd5 16. b3 Nb4 17. Qb1 Ba6 18. Ba3 Re8 19. h3 Rc8 20. Bxb4 axb4 {½-½ (71) Tkachiev,V (2636)-Gashimov,V (2733) Warsaw 2010}) 12... Qxd6 $146 ({Predecessor:} 12... exd6 13. Bf4 Bd3 14. O-O Bc4 15. Qa3 d5 16. b3 Ba6 17. Rfc1 Ne4 18. Nb5 Bxb5 19. axb5 Nc8 {½-½ (19) Ponizil,C (2191)-Jablonicky,F (2181) Czechia 2004}) 13. Bxb7 Rab8 14. Nb5 ({Of course not} 14. Bf4 Qb4 $17) (14. Bf3 $1 $11) 14... Qd7 $15 15. Bf3 Nfd5 16. Bd2 Be6 17. Qd3 {[#]} (17. Bxa5 $11 Nxa4 18. Qxa4 Rxb5 19. Nc3 Nxc3 20. Bxc3) 17... Nxa4 $1 $17 {[%mdl 512]} 18. Rxa4 Rxb5 19. O-O Rxb2 20. Rxa5 Bf5 21. Qa3 Rxd2 22. Rxd5 Qc7 23. Rc1 {Black must now prevent g4.} Qb8 24. Qxe7 ({Better is} 24. Ra5) 24... Re8 25. Qg5 Qb2 26. Rd8 Rdxe2 27. Bxe2 Qxe2 28. d5 Bf8 $40 {[%mdl 128] ( -> ...Qe1+!). White is in trouble.} 29. h3 h5 30. d6 {[#]} Rxd8 $1 31. Qxd8 Qd2 32. Ra1 {intending Ra8.} Qxd6 33. Qxd6 Bxd6 34. Kf1 Kg7 35. Ke2 Be6 36. Ke3 (36. Ra5 $142) 36... Bc5+ $19 {Black has a decisive advantage.} 37. Ke2 Bc4+ 38. Kf3 Bd5+ 39. Kg3 Bd6+ 40. f4 g5 {Precision: White = 32%, Black = 91%.} 0-1

[Event "FIDE WCCC U12 2018"]
[Site "Santiago de Compostela"]
[Date "2018.11.08"]
[Round "4"]
[White "Djurovic, Peko"]
[Black "Grebnev, Aleksey"]
[Result "1-0"]
[WhiteElo "1887"]
[BlackElo "2151"]
[Annotator "TA"]
[PlyCount "61"]
[EventDate "2018.11.04"]
[EventType "swiss"]
[EventCountry "ESP"]
[SourceTitle "playchess.com"]
[Source "ChessBase"]
[SourceQuality "1"]

{[%evp 22,61,6,16,228,187,191,197,248,243,266,275,593,587,525,327,548,563,553,530,895,853,1072,1070,1359,1245,1243,1243,1214,1205,29987,2464,1633,1308,1391,1367,3352,2950,29969,5329,4898,3677]} 1. e4 e6 2. d4 d5 3. Nc3 Bb4 4. e5 c5 5. a3 Bxc3+ 6. bxc3 Ne7 7. Qg4 Qc7 8. Qxg7 Rg8 9. Qxh7 cxd4 10. Kd1 dxc3 11. Nf3 Nbc6 12. Ng5 {LiveBook: 27 Games} Rxg5 $2 {C18: French: 3 Nc3 Bb4: Main line: 7 h4 and 7 Qg4} (12... Nxe5 $11 13. f4 f6) (12... Nxe5 13. Bf4 Qc5 14. Be3 Qc6 15. f4 Qa4 16. Be2 d4 17. fxe5 dxe3 18. Qxf7+ Kd8 19. Kc1 Rxg5 20. Rd1+ Bd7 {1-0 (33) Tari,A (2584)-Kovalenko,I (2684) chess.com INT 2017}) 13. Bxg5 $18 {Strongly threatening Bf6.} Qxe5 {[#]} 14. h4 $1 {[%cal Bh2h4,Bh4h5][%mdl 32]} Bd7 $146 (14... Qd4+ $142 15. Bd3 e5) ({Predecessor:} 14... Qd4+ 15. Qd3 Qc5 16. h5 e5 17. h6 Bg4+ 18. Kc1 O-O-O 19. h7 Bf5 20. Qg3 {1-0 (30) Szieberth,A (2330)-Kecskes,G (2100) Hungary 1995}) 15. Bd3 O-O-O 16. Qxf7 Qd6 $2 (16... Re8 {is more resistant.} 17. Qf6 d4) 17. h5 e5 18. Qf6 Qc5 $2 (18... Qxf6 19. Bxf6 Rf8) 19. h6 e4 20. Be2 {aiming for h7.} Bf5 21. h7 Bxh7 22. Rxh7 d4 23. Qe6+ Kb8 24. Bxe7 Nxe7 25. Qxe7 {[%csl Gh7][%cal Re7b7]} Qb6 26. Qe5+ (26. Qxe4 $142 Ka8 27. Bf3 Rb8 {[#]} 28. Rxb7 $1 {[%mdl 512]} Qxb7 29. Qd3 Rh8 30. Bxb7+ Kb8 31. Qxd4) 26... Ka8 27. Qb5 d3 28. Qxb6 {[%cal Rb6d8]} dxe2+ 29. Kxe2 {[%cal Rb6d8]} Rd2+ 30. Ke3 {[%csl Gh7][%cal Rb6b7]} axb6 31. Rc1 1-0

[Event "FIDE WCCC U12 2018"]
[Site "Santiago de Compostela"]
[Date "2018.11.08"]
[Round "4"]
[White "Metzdorf, Matteo"]
[Black "Chyzy, Jakub"]
[Result "1/2-1/2"]
[WhiteElo "1865"]
[BlackElo "2136"]
[Annotator "TA"]
[PlyCount "131"]
[EventDate "2018.11.04"]
[EventType "swiss"]
[EventCountry "ESP"]
[SourceTitle "playchess.com"]
[Source "ChessBase"]
[SourceQuality "1"]

{[%evp 34,131,-16,-19,0,0,0,0,45,27,31,14,17,0,0,0,0,0,24,-9,-13,-11,-14,-20,-4,-19,-23,-20,-32,-68,-69,-185,-34,-30,-33,-72,-54,-47,-47,-55,-47,-47,-46,-46,0,-8,0,-25,-17,-60,-64,-76,-58,-76,-65,-65,-65,-76,-47,-49,-49,-76,-46,-47,-46,-54,0,-3,0,0,0,0,0,0,0,0,0,0,0,0,0,0,0,0,0,0,0,0,0,0,0,0,0,0,0,0,0,0,0,0]} 1. e4 e5 2. Nf3 Nc6 3. Bb5 a6 4. Ba4 Nf6 5. d3 b5 6. Bb3 Be7 7. O-O d6 8. c3 O-O 9. Re1 Na5 10. Bc2 c5 11. Nbd2 Nc6 12. Nf1 h6 13. h3 Re8 14. Ne3 {C90: Closed Ruy Lopez with 7...d6: Early deviations} Be6 15. d4 (15. a4 b4 16. Bb3 Rb8 17. Bc4 Qc8 18. Nh2 bxc3 19. bxc3 Na5 20. Bxe6 fxe6 {½-½ (75) Fressinet,L (2712)-Sargissian,G (2689) Reykjavik 2015}) 15... cxd4 16. cxd4 Nxd4 17. Nxd4 exd4 18. Qxd4 {LiveBook: 5 Games} Bf8 19. Bd2 Rc8 $146 ({Predecessor:} 19... d5 20. e5 Ne4 21. Bb4 Bxb4 22. Qxb4 {1-0 (61) Blom,V (2243)-Van Veen,O (2265) Maastricht 2015}) 20. Rad1 Qc7 21. b4 Nd7 22. Bb3 Qb6 23. Qxb6 Nxb6 24. Nd5 Nxd5 25. exd5 Bf5 26. Bf4 g5 $36 {[%mdl 2048] Black has good play.} 27. Bg3 Rxe1+ 28. Rxe1 Bd7 29. f4 g4 30. hxg4 Bxg4 31. Bh4 Bg7 32. Be7 {[#]} (32. Bd1 $15 Bxd1 33. Rxd1) 32... Re8 $2 (32... Bc3 $1 $19 {[%cal Rc3e1]} 33. Rf1 Bxb4) 33. Bh4 $15 Bd4+ 34. Kh1 Kf8 (34... Rc8 {seems wilder.} 35. Re4 Bc3 36. Be1 Bf5 37. Re2 Bd4) 35. Rxe8+ Kxe8 {[%mdl 4096] Endgame KBB-KBB} 36. Be1 $1 Be3 37. g3 Bd4 38. Kg2 f6 39. Bd2 Kf7 40. Be1 Be2 41. Bd2 f5 42. Be1 Kg6 43. Bd2 Kh5 44. Kh3 $1 Bf3 45. Be1 Be3 (45... Kg6 {feels hotter.} 46. Bd2 Kf6 47. Kh2 Kg7 48. Bc2 Kg6) 46. Bc3 Kg6 47. Be1 h5 {[%cal Bh6h5,Bh5h4][%mdl 32]} 48. Bc3 {[#]} h4 $1 {[%mdl 512]} 49. Be1 (49. gxh4 Bxf4) 49... Kh5 (49... hxg3 $15 50. Kxg3 Be4) 50. Bc2 {The position is equal.} Bxd5 51. Bxf5 hxg3 52. Kxg3 Bxa2 53. Bc8 d5 54. Bxa6 Bc4 55. Kf3 d4 56. Ke4 Kg6 57. Bb7 Ba2 58. Bc6 Bb1+ 59. Kf3 Bd3 60. Be4+ Bxe4+ 61. Kxe4 $11 {KB-KB} Kf6 62. Bc3 dxc3 63. Kxe3 {Threatens to win with Kd3.} Kf5 (63... c2 $5 64. Kd2 $8 Kf5 $11) 64. Kd3 Kxf4 65. Kxc3 {Intending Kd4 and mate.} Ke3 66. Kb3 {Precision: White = 50%, Black = 55%.} 1/2-1/2

[Event "FIDE WCCC U12 2018"]
[Site "Santiago de Compostela"]
[Date "2018.11.08"]
[Round "4"]
[White "Deng, Yu Dong Michael"]
[Black "Maurizzi, Marc Andria"]
[Result "1/2-1/2"]
[WhiteElo "1863"]
[BlackElo "2103"]
[Annotator "TA"]
[PlyCount "42"]
[EventDate "2018.11.04"]
[EventType "swiss"]
[EventCountry "ESP"]
[SourceTitle "playchess.com"]
[Source "ChessBase"]
[SourceQuality "1"]

{[%evp 16,42,29,29,33,33,51,29,48,51,51,47,63,56,58,74,75,52,58,0,0,0,0,0,0,0,3,0,5]} 1. d4 Nf6 2. c4 e6 3. Nf3 b6 4. g3 Bb4+ 5. Bd2 Bxd2+ 6. Qxd2 Ba6 7. Qc2 O-O {E15: Queen's Indian: 4 g3 sidelines, 4 g3 Ba6 and 4 g3 Bb7 early deviations} (7... c5 8. Bg2 Nc6 9. dxc5 bxc5 10. O-O O-O 11. Rd1 Qe7 12. Qa4 Bb7 13. Nc3 d6 14. Rd2 Rfd8 15. Rad1 a6 16. Ng5 Nd4 17. Bxb7 Qxb7 {1-0 (69) Nepomniachtchi,I (2725)-Hou,Y (2653) Danzhou 2016 CBM 174 [Schulz,André]}) 8. Bg2 Bb7 9. Nc3 {LiveBook: 3 Games} c5 {White has an edge.} 10. O-O Nc6 $146 ({Predecessor:} 10... cxd4 11. Nxd4 Bxg2 12. Kxg2 Nc6 13. Nxc6 dxc6 14. Rad1 Qc7 15. Ne4 Nxe4 16. Qxe4 {½-½ (16) Farago,I (2535)-Lukacs,P (2465) Budapest 1981}) 11. Rad1 (11. Rfd1 {is interesting.} d5 12. cxd5 Nb4 13. Qb3 Bxd5 14. Nxd5 exd5 15. e4) 11... cxd4 12. Nxd4 Nxd4 13. Rxd4 Bxg2 14. Kxg2 Rc8 15. Qd3 Rc6 16. Ne4 Nxe4 17. Qxe4 ({Better is} 17. Rxe4 $14 Rc5 18. b4) 17... Rxc4 $1 $11 {The position is equal.} 18. Rxc4 d5 19. Qc2 dxc4 20. Qxc4 Qd2 21. b4 Rd8 1/2-1/2

[Event "FIDE WCCC U12 2018"]
[Site "Santiago de Compostela"]
[Date "2018.11.08"]
[Round "4"]
[White "Hu, Merric"]
[Black "Clasby, Derek"]
[Result "1/2-1/2"]
[WhiteElo "1849"]
[BlackElo "2087"]
[Annotator "NA RC"]
[PlyCount "101"]
[EventDate "2018.11.04"]
[EventType "swiss"]
[EventCountry "ESP"]
[SourceTitle "playchess.com"]
[Source "ChessBase"]
[SourceQuality "1"]
[TimeControl "40/5400+30:1800+30"]

{[%evp 11,99,12,29,21,19,32767,19,9,32767,32767,-7,32767,0,0,24,36,36,24,38,9,21,0,33,18,35,16,32767,32767,32767,0,0,0,0,0,-1,0,0,6,0,0,0,0,0,0,0,12,8,32767,32767,32767,32767,32767,32767,32767,32767,0,4,2,32767,32767,79,59,32767,0,88,8,8,-37,56,35,37,17,5,1,0,0,0,0,0,0,0,0,32767,32767,32767,9,0,0,3,0]} 1. e4 {[%emt 0:00:00]} e5 {[%emt 0:00:00]} 2. Nf3 {[%emt 0:00:00]} Nc6 {[%emt 0:00:00]} 3. Bc4 {[%emt 0:00:00]} Bc5 {[%emt 0:00:30]} 4. O-O {[%emt 0:00:00]} Nf6 {[%emt 0:01:06]} 5. d3 {[%emt 0:00:12]} d6 {[%emt 0:06:49]} 6. c3 {[%emt 0:00:20]} O-O {[%emt 0:02:32]} 7. a4 {[%emt 0:00:16]} a6 {[%emt 0:01:25]} 8. Na3 {[%emt 0:02:13] C54: Giuoco Piano: 4 c3 Nf6, main lines with 5 d4 and 5 d3} (8. Re1 h6 9. h3 Re8 10. Nbd2 Be6 11. b4 Bxc4 12. Nxc4 Ba7 13. Qc2 d5 14. Ne3 Bxe3 15. Bxe3 Qd7 {1-0 (44) Vachier Lagrave,M (2789)-Kramnik,V (2792) Paris 2018}) 8... Ne7 {[%emt 0:10:01]} 9. Nc2 {[%emt 0:01:20] LiveBook: 4 Partien} Ng6 {[%emt 0:02:40]} 10. Bg5 $146 {[%emt 0:13:48]} ({Predecessor:} 10. d4 Ba7 11. dxe5 dxe5 12. Qxd8 Rxd8 13. Re1 h6 14. h3 Bd7 15. Nb4 b5 {½-½ (27) Rios,C (2479)-Cuartas,J (2468) Antioquia 2016}) 10... h6 {[%emt 0:09:52]} 11. Be3 {[%emt 0:01:24]} Bxe3 {[%emt 0:10:04]} 12. Nxe3 {[%emt 0:00:54]} Nh7 {[%emt 0:01:48]} 13. d4 {[%emt 0:04:22]} Ng5 {[%emt 0:02:32]} 14. Nxg5 {[%emt 0:14:27]} Qxg5 {[%emt 0:00:47]} 15. Qf3 {[%emt 0:00:27]} Be6 {[%emt 0:07:01]} 16. Qg3 {[%emt 0:08:00]} Qf6 {[%emt 0:11:38]} 17. Bxe6 {[%emt 0:05:03]} Qxe6 {[%emt 0:00:57]} 18. d5 {[%emt 0:03:21]} Qf6 {[%emt 0:01:07]} 19. Qg4 {[%emt 0:02:15]} Qf4 {[%emt 0:10:11]} 20. Qf5 {[%emt 0:08:06]} Nh4 {[%emt 0:04:18]} 21. g3 {[%emt 0:05:38]} Nxf5 {[%emt 0:03:30]} 22. gxf4 {[%emt 0:00:12]} Nxe3 {[%emt 0:00:28]} 23. fxe3 {[%emt 0:00:08]} exf4 {[%emt 0:00:48]} 24. exf4 {[%emt 0:00:24]} Rae8 {[%emt 0:01:02]} 25. Rae1 {[%emt 0:00:23]} Re7 {[%emt 0:01:34]} 26. Re2 {[%emt 0:00:58]} Rfe8 {[%emt 0:02:18]} 27. Rfe1 {[%emt 0:00:14]} Kf8 {[%emt 0:02:24]} 28. Kf2 {[%emt 0:01:10]} g5 {[%emt 0:01:21]} 29. Kf3 {[%emt 0:17:11]} gxf4 {[%emt 0:00:09]} 30. Kxf4 {[%emt 0:00:02]} Re5 {[%emt 0:00:09]} 31. Re3 {[%emt 0:00:12]} Ke7 {[%emt 0:01:02]} 32. Rg1 {[%emt 0:00:22]} Kf6 {[%emt 0:01:00]} 33. Rg4 {[%emt 0:01:39]} h5 {[%emt 0:01:38]} 34. Rg2 {[%emt 0:00:28]} b5 {[%emt 0:00:28]} 35. a5 {[%emt 0:00:27]} Rb8 {[%emt 0:01:55]} (35... Ke7 $11 {bleibt in der Remisbreite.}) 36. b4 {[%emt 0:02:58]} Rbe8 {[%emt 0:01:10]} 37. Rgg3 {[%emt 0:01:23]} (37. Rg1 $14) 37... Rh8 {[%emt 0:01:04]} (37... c6 $11 {remains equal.}) 38. h4 {[%emt 0:00:31]} (38. Ref3 $16) 38... Rhe8 {[%emt 0:01:06]} 39. Rgf3 {[%emt 0:00:43]} c6 {[%emt 0:00:32]} ({Black should play} 39... Kg7 $11) 40. dxc6 {[%emt 0:00:00]} Rc8 {[%emt 0:00:00]} 41. Rd3 {[%emt 0:03:04]} Rxc6 {[%emt 0:00:39]} 42. Rd4 {[%emt 0:00:18]} Ke6 {[%emt 0:08:39]} 43. Re3 {[%emt 0:01:36]} f6 {[%emt 0:01:27]} 44. Rg3 {[%emt 0:03:13]} Kf7 {[%emt 0:01:41]} 45. Rgd3 {[%emt 0:00:53]} Ke7 {[%emt 0:01:05]} 46. Rg3 {[%emt 0:02:07]} Kf7 {[%emt 0:03:25]} 47. Rgd3 {[%emt 0:00:18]} Ke6 {[%emt 0:01:33]} 48. Rd5 {[%emt 0:00:47]} Ke7 $1 {[%emt 0:02:19]} 49. R5d4 {[%emt 0:01:23]} Ke6 50. Rd5 $11 Ke7 51. Rxe5+ 1/2-1/2

[Event "FIDE WCCC U12 2018"]
[Site "Santiago de Compostela"]
[Date "2018.11.08"]
[Round "4"]
[White "Wu, Eric"]
[Black "Tugstumur, Yesuntumur"]
[Result "0-1"]
[WhiteElo "1753"]
[BlackElo "2331"]
[Annotator "TA"]
[PlyCount "70"]
[EventDate "2018.11.04"]
[EventType "swiss"]
[EventCountry "ESP"]
[SourceTitle "playchess.com"]
[Source "ChessBase"]
[SourceQuality "1"]

{[%evp 28,70,0,0,14,0,0,-43,-22,-27,0,-10,-19,-44,-19,-40,-37,-48,-31,-277,-278,-272,-272,-312,-123,-481,-497,-492,-492,-610,-596,-663,-664,-1929,-1903,-1895,-1804,-29985,-1834,-3289,-3512,-29991,-29992,-29993,-29994]} 1. e4 c5 2. Nf3 e6 3. d4 cxd4 4. Nxd4 Nc6 5. Nc3 Qc7 6. Be3 a6 7. Bd3 Nf6 8. Nb3 b5 9. O-O Be7 10. f4 d6 11. Qf3 Bb7 12. Qh3 Nb4 13. Rac1 {B82: Sicilian Scheveningen: 6 f4} (13. a3 Nxd3 14. cxd3 O-O 15. Nd4 Rac8 16. Rf3 Rfe8 17. Raf1 Bf8 18. Rg3 g6 19. f5 exf5 20. Nxf5 h5 21. Bd4 {1-0 (29) Mitkov,N (2461)-Van Foreest,J (2629) chess.com INT 2018}) 13... Rc8 14. a3 Nxd3 15. cxd3 {LiveBook: 5 Games. The position is equal.} Qd7 16. Na5 Ba8 17. b4 O-O (17... d5 $5 {[%cal Rd5d4]} 18. Nb3 dxe4 $15) 18. Nb3 $146 ({Predecessor:} 18. g4 d5 19. g5 d4 20. gxf6 Bxf6 21. Ne2 dxe3 22. Qxe3 {0-1 (42) Paoli,E-Kestler,H Dortmund 1973}) 18... Ne8 19. Bd4 f5 20. Rce1 Bf6 21. e5 dxe5 22. fxe5 Be7 23. g4 $2 (23. Rf2 $15) 23... Rxc3 24. Bxc3 Qc6 25. gxf5 {[#] aiming for f6!} exf5 $2 $40 {[%mdl 128] Black has strong attack.} (25... Qxc3 $19 {is more deadly.} 26. fxe6 Bd5 27. Rxf8+ Bxf8) 26. Re3 $2 {[%mdl 8192]} (26. Nd4 $17 Qxc3 27. Nxf5) 26... Qxc3 $19 27. d4 Qc6 28. Nc5 Nc7 29. Rg3 Qd5 30. Rd1 Qh1+ 31. Kf2 Qxd1 32. Nb3 Bd5 (32... f4 $142 33. Rd3 {[#]} Bh4+ $1 {[%mdl 512]} 34. Qxh4 Qxd3 35. Na5 f3 36. Qg4 Qc2+ 37. Kg3 Qg2+ 38. Kh4 Qxh2+ 39. Qh3 Rf4+ 40. Kg5 h6+ 41. Kh5 Qxh3+ 42. Kg6 Qg4#) 33. Qh6 Qg4 34. Qb6 Bh4 35. Nd2 f4 {Precision: White = 13%, Black = 58%.} 0-1

[Event "FIDE WCCC U12 2018"]
[Site "Santiago de Compostela"]
[Date "2018.11.08"]
[Round "4"]
[White "Ohanyan, Emin"]
[Black "Lazavik, Denis"]
[Result "1/2-1/2"]
[WhiteElo "1742"]
[BlackElo "2235"]
[Annotator "NA"]
[PlyCount "61"]
[EventDate "2018.11.04"]
[EventType "swiss"]
[EventCountry "ESP"]
[SourceTitle "playchess.com"]
[Source "ChessBase"]
[SourceQuality "1"]
[TimeControl "40/5400+30:1800+30"]

{[%evp 10,61,-1,0,-5,-11,-5,-11,0,-8,-10,0,3,0,32767,32767,0,0,0,0,8,0,0,0,0,0,0,0,0,0,0,0,0,0,32767,0,0,0,0,0,0,0,0,0,0,0,32767,0,0,0,0,0,0,0]} 1. e4 {[%emt 0:00:00]} e5 {[%emt 0:00:00]} 2. Nf3 {[%emt 0:00:00]} Nc6 {[%emt 0:00:42]} 3. Nc3 {[%emt 0:00:00]} Nf6 {[%emt 0:00:55]} 4. d4 {[%emt 0:00:00]} exd4 {[%emt 0:01:48]} 5. Nd5 {[%emt 0:00:09]} Be7 {[%emt 0:05:21]} 6. Nxd4 {[%emt 0:00:09]} Nxd5 {[%emt 0:07:43] LiveBook: 17 Games} 7. exd5 {[%emt 0:00:07]} Nxd4 {[%emt 0:01:00]} 8. Qxd4 {[%emt 0:00:10]} O-O {[%emt 0:03:43]} 9. Be2 {[%emt 0:02:36]} d6 {[%emt 0:03:19]} 10. O-O {[%emt 0:00:27]} Bf5 {[%emt 0:03:26]} 11. Bd3 {[%emt 0:09:53]} Bf6 {[%emt 0:03:19]} 12. Qc4 {[%emt 0:00:15]} Bxd3 {[%emt 0:01:19]} 13. Qxd3 {[%emt 0:01:10]} Qd7 {[%emt 0:02:18]} 14. Bd2 {[%emt 0:05:13]} Rfe8 {[%emt 0:07:12]} 15. Rfe1 {[%emt 0:08:42]} a6 {[%emt 0:04:36]} 16. Bc3 {[%emt 0:01:53]} Bxc3 {[%emt 0:08:10]} 17. Qxc3 {[%emt 0:00:38]} Rxe1+ {[%emt 0:02:15]} 18. Rxe1 {[%emt 0:01:07]} Re8 {[%emt 0:00:54]} 19. h3 {[%emt 0:05:23]} Rxe1+ {[%emt 0:06:09]} 20. Qxe1 {[%emt 0:00:59]} h6 {[%emt 0:00:42]} 21. Qe4 {[%emt 0:12:40]} a5 {[%emt 0:13:00]} 22. Kh2 {[%emt 0:09:41]} Qd8 {[%emt 0:01:55]} 23. c3 {[%emt 0:08:33]} b6 {[%emt 0:01:40]} 24. f4 {[%emt 0:03:24]} h5 {[%emt 0:01:52]} 25. g3 {[%emt 0:06:23]} g6 {[%emt 0:01:21]} 26. Kg2 {[%emt 0:03:36]} Qd7 {[%emt 0:00:48]} 27. a4 Kg7 28. b3 {[%emt 0:00:47]} Kg8 {[%emt 0:00:53]} 29. c4 {[%emt 0:00:07]} Kg7 {[%emt 0:00:24]} 30. Qd4+ {[%emt 0:02:15]} Kg8 {[%emt 0:00:10]} 31. Qe4 $11 {[%emt 0:06:46]} 1/2-1/2

[Event "FIDE WCCC U12 2018"]
[Site "Santiago de Compostela"]
[Date "2018.11.08"]
[Round "4"]
[White "Makhmudjonov, Davlatbek"]
[Black "Chasin, Nico"]
[Result "0-1"]
[WhiteElo "1608"]
[BlackElo "2189"]
[Annotator "TA"]
[PlyCount "160"]
[EventDate "2018.11.04"]
[EventType "swiss"]
[EventCountry "ESP"]
[SourceTitle "playchess.com"]
[Source "ChessBase"]
[SourceQuality "1"]

{[%evp 16,160,0,0,0,0,14,2,4,-25,-19,-43,-52,-51,-51,-47,-54,-47,-49,-52,-48,-81,-75,-79,-72,-113,-118,-138,-76,-91,-60,-116,-111,-114,-79,-79,-94,-161,-170,-229,-195,-198,-202,-214,-222,-185,-119,-123,-89,-99,-95,-100,-111,-75,-8,-91,-75,-88,-51,-95,-91,-85,0,-145,-137,-181,-180,-289,-285,-294,-308,-267,-265,-337,-336,-417,-383,-386,-373,-291,-170,-181,-139,-139,-103,-103,-100,-100,-99,-99,-99,-99,-99,-99,-99,-99,-99,-194,-192,-179,-158,-166,-127,-127,-91,-92,-8,-415,-397,-373,-148,-148,-134,-148,-148,-4471,-2558,-29970,-29973,-29972,-29970,-29968,-29969,-29969,-29971,-29968,-29971,-29974,0,-29965,-29964,-29956,-29953,-29975,-29976,-29978,-29979,-29978,-29974,-29988,-29989,-29990,-29991,-29991,-29989,-29989,-29988]} 1. d4 Nf6 2. Bf4 b6 3. e3 Bb7 4. Nf3 e6 5. c3 d6 (5... d5 6. Nbd2 Bd6 7. Ne5 Nbd7 8. Qf3 O-O 9. Qh3 Ne4 10. Nxe4 dxe4 11. O-O-O a6 12. Bc4 Nf6 13. Bg5 {0-1 (40) Darini,P (2475)-L'Ami,E (2639) Douglas 2018}) 6. Nbd2 {A47: 1 d4 Nf6 2 Nf3 b6: Torre, London and Colle Systems} Nbd7 7. h3 g6 8. Be2 Bg7 9. O-O {LiveBook: 3 Games} Qe7 10. Bg3 $146 ({Predecessor:} 10. Bh2 O-O 11. a4 a6 12. Re1 e5 13. Nc4 e4 {0-1 (46) Pitschka,C (2310)-Tazbir,M (2482) Idstein 2009}) 10... O-O 11. a4 a5 12. Nh2 e5 13. Bf3 e4 14. Be2 h5 {[%cal Bh7h5,Bh5h4][%mdl 32]} 15. Re1 Nd5 16. Nhf1 h4 17. Bh2 $1 f5 18. Bc4 Kh7 19. Bxd5 Bxd5 20. c4 Bg8 21. Rc1 c5 (21... Nb8 $142 22. f3 Nc6 23. fxe4 fxe4) 22. Nb3 Rfd8 23. Qe2 (23. Nfd2 $15) 23... Rac8 $17 24. Red1 cxd4 25. exd4 d5 26. Ne3 (26. cxd5 $17 Qb4 27. Rxc8 Rxc8 28. Nc1) 26... dxc4 $19 27. Nxc4 (27. Nd2 $142) 27... Qb4 28. Nbd2 Bxd4 29. b3 {Hoping for Nxe4.} Nf6 30. Kh1 Qf8 ({Black should play} 30... Nh5 $19 31. Rc2 Be6) 31. f3 $17 {[%cal Rf3e4]} Bd5 32. fxe4 Nxe4 33. Nxe4 Bxe4 34. Rd2 Bc5 {[#]} (34... Qe7 $17 {aiming for ...Bf6.} 35. Rcd1 Bc3 36. Rxd8 Rxd8 37. Rxd8 Qxd8) 35. Rcd1 (35. Nd6 $1 $11 {[%mdl 512]}) 35... Rxd2 36. Qxd2 Re8 37. Bd6 Bxd6 38. Qxd6 Bc2 (38... Qe7 $17 39. Qd2 Rb8) 39. Qxf8 (39. Qc7+ $1 $11 {was the only way to keep the balance.} Re7 40. Rd7 Rxd7 41. Qxd7+ Qg7 42. Qd8) 39... Rxf8 $11 {[%mdl 4096] Endgame KRB-KRN} 40. Rd7+ Kh6 41. Nxb6 (41. Rd6 $142) 41... Bxb3 $19 42. Rd3 Bc2 43. Rd6 Re8 44. Kg1 Re4 45. Rc6 Bxa4 46. Rc5 Rb4 47. Rxa5 Rb1+ ({Weaker is} 47... Rxb6 48. Rxa4 g5 49. Ra2 $17) (47... Bc6 $142 48. Nd5 Rb1+ 49. Kf2 Rb2+ 50. Kf1 Kg5) 48. Kh2 Bc6 49. Nc4 Re1 50. Ne5 Bb7 51. Rb5 Be4 52. Rb6 f4 53. Nf7+ Kg7 54. Ng5 Bd5 55. Rb5 Rd1 {...Rd2 is the strong threat.} 56. Rb2 (56. Nf3 $17) 56... Rd3 $1 57. Re2 Kh6 58. Ne6 g5 {Threatens to win with ...Rd1.} 59. Nc7 Bb7 60. Re6+ {[#]} Kg7 ({Black should try} 60... Kh7 $1 $17 61. Rb6 Be4) 61. Nb5 $2 {[%mdl 8192] [#]} (61. Rb6 $11 {and White has nothing to worry.} Bc8 62. Ne8+ Kh8 63. Rg6) 61... Bd5 $1 {[%cal Rd5e6]} 62. Re2 Kf6 $2 (62... f3 $19 {has better winning chances.} 63. gxf3 Bxf3) 63. Nc7 $17 Bf7 64. Na6 Bc4 65. Nc5 $2 {[%mdl 8192] [#]} (65. Rb2 $17) 65... Rxh3+ $1 $19 {[%mdl 512]} 66. gxh3 Bxe2 {KB-KN} 67. Kg2 Kf5 68. Nb3 Ke4 69. Kf2 Bd1 70. Nc5+ Kf5 71. Kg2 Be2 72. Nb3 $1 Bc4 {Black mates.} 73. Nd2 Bd5+ 74. Kf2 Ke5 75. Nf1 Be6 76. Kg2 Ke4 77. Nh2 Ke3 78. Nf1+ Ke2 79. Nh2 {[#]} f3+ $1 80. Nxf3 {[#]} Bxh3+ $1 {[%mdl 512] Precision: White = 47%, Black = 50%.} 0-1